000 00757nas a2200253Ia 4500
001 R008/C6938
003 IT-RoPAU
008 151124c99999999xx |||||||||||| ||und||
040 _aIT-RoPAU
040 _cIT-RoPAU
041 _aITALIANO
100 _aDella Casa Stefano
_gCodice Aut. SPICS: 20190
210 _aGARAGE
222 _aGarage
245 _aGARAGE, ANNO 01-N.02 (1994)
_bClint: Mito Realta' Leggenda, Da Leone A Siegel
250 _a1a ed.
260 _aTORINO
_bSCRIPTORIUM
_c1994
501 _bPaulus - SPICS - Società San Paolo EM (non-commercial uses only)
_cCopyright2015
300 _a3 p. [47-49]
362 _aANNO 001, N.02 (1994)
500 _aClint Eastwood.
650 _aCINEMA
_vPUBBLICAZIONE PERIODICA
942 _cCR
999 _c109570
_d109570